000 00843nam a2200289Ia 4500
003 OSt
005 20221005063952.0
006 a|||||r|||| 00| 0
007 ta
008 221004b |||||||| |||| 00| 0 eng d
020 _a9781452275741 (pbk)
_cUSD 65.00
024 _a29606
037 _b429, 10/03/2017, Kilaso Books
_cTextual
040 _aCRL
_cCRL
_beng
041 _2eng
_aeng
082 _aY1:1, Q7
100 _aHealey Joseph F.
_9237702
245 0 _aDiversity and society
_b race, ethnicity, and gender
250 _a5th
260 _aLos
_bAngles Sage USA
_c2017
300 _axxi,510p.
_ccm.
650 _a ETHNOLOGY
650 _aRACE
700 _a Stepnick Andi
_9603319
942 _hY1:1, Q7
_cTEXL
_2cc
999 _c972173
_d972173